<?xml version="1.0" encoding="UTF-8"?>
<record
    xmlns:xsi="http://www.w3.org/2001/XMLSchema-instance"
    xsi:schemaLocation="http://www.loc.gov/MARC21/slim http://www.loc.gov/standards/marcxml/schema/MARC21slim.xsd"
    xmlns="http://www.loc.gov/MARC21/slim">

  <leader>02476nam a22001697a 4500</leader>
  <controlfield tag="005">20230731133224.0</controlfield>
  <controlfield tag="008">230731b           ||||| |||| 00| 0 eng d</controlfield>
  <datafield tag="020" ind1=" " ind2=" ">
    <subfield code="a">0406176027</subfield>
  </datafield>
  <datafield tag="050" ind1=" " ind2=" ">
    <subfield code="a">KD 654.D473</subfield>
  </datafield>
  <datafield tag="100" ind1=" " ind2=" ">
    <subfield code="9">Deming, Lord.</subfield>
  </datafield>
  <datafield tag="245" ind1=" " ind2=" ">
    <subfield code="a">What next in the law /</subfield>
    <subfield code="c">Lord Denning.</subfield>
  </datafield>
  <datafield tag="260" ind1=" " ind2=" ">
    <subfield code="a">London : </subfield>
    <subfield code="b"> Butterworths,</subfield>
    <subfield code="c">1982.</subfield>
  </datafield>
  <datafield tag="300" ind1=" " ind2=" ">
    <subfield code="a">xxiii, 352 p. :</subfield>
    <subfield code="c">22 cm.</subfield>
  </datafield>
  <datafield tag="500" ind1=" " ind2=" ">
    <subfield code="a">Includes index.</subfield>
  </datafield>
  <datafield tag="505" ind1=" " ind2=" ">
    <subfield code="a">Contents: Part One: Introduction: Henry Bracton c 1200-1268 -- Sir Edward Coke 1552-1634 -- Sir William Blackstone 1723-1780 -- William Murray, afterwards Earl of Mansfield 1705-1783 -- Lord Brougham 1778-1868 -- Part Two: Trial by jury: It glories -- Causes celebres 1367-1688 -- Causes celebres in crime since 1770 -- Civil cases tried by jury -- A glance backward -- Reforms in my time -- Proposal for consideration -- Conclusion -- Part Three: Legal aid: Costs as they used to be -- Side effects in old days -- They coming of legal aid -- Drawbacks of the scheme -- Criminal legal aid -- Proposals for consideration -- Consideration -- Conclusion -- Part Four: Personal injuries: The royal commission report is shelved -- Old days -- Modern times -- No-fault liability -- Damages for personal injuries -- Living death -- When the person is killed -- Loss of future earnings -- Pain and suffering and loss of amenities of life -- Conclusion -- Part Five: Libel: Introduction -- The star chamber -- The common law takes over -- The nineteenth century -- The takes a wrong turning -- Technicalities beyond belief -- Inordinate length -- Fair information -- Exemplary damages before 1964 -- Exemplary damages after 1964 -- Trial by jury - or judge? -- Legal aid -- Part Six: Privacy and confidence: Two human right in conflict -- Our case-law -- Breach of confidence -- confidentiality prevails -- Confidentiality overruled -- All about the 'mole' -- 'The Primodos Affair' -- Discovery of documents -- Remedies for breach of privacy or of confidence -- The future -- Part Seven: A bill of rights: Ever since Magna Carta -- We come to our times -- We turn to the cases -- The Court at Strasbourg -- Do not incorporate the Convention -- Community law -- What should we do? -- Part Eight: Misuse of power: Introduction: A hierarchy of power -- Of rulers -- Of honours -- Conventions of the Constitution -- Parliament itself -- Trade unions -- Ministers of the Crown -- Members of Parliament -- The media -- The judge themselves -- Conclusion.</subfield>
  </datafield>
  <datafield tag="942" ind1=" " ind2=" ">
    <subfield code="2">lcc</subfield>
    <subfield code="c">BK</subfield>
  </datafield>
  <datafield tag="999" ind1=" " ind2=" ">
    <subfield code="c">9968</subfield>
    <subfield code="d">17468</subfield>
  </datafield>
  <datafield tag="952" ind1=" " ind2=" ">
    <subfield code="0">0</subfield>
    <subfield code="1">0</subfield>
    <subfield code="2">lcc</subfield>
    <subfield code="4">0</subfield>
    <subfield code="7">0</subfield>
    <subfield code="a">WIUC-1</subfield>
    <subfield code="b">WIUC-1</subfield>
    <subfield code="c">LL</subfield>
    <subfield code="d">2023-07-31</subfield>
    <subfield code="l">0</subfield>
    <subfield code="o">KD654.D473</subfield>
    <subfield code="p">3159/319/23</subfield>
    <subfield code="r">2023-07-31 00:00:00</subfield>
    <subfield code="t">1</subfield>
    <subfield code="w">2023-07-31</subfield>
    <subfield code="y">BK</subfield>
  </datafield>
</record>
